书目信息 |
| 题名: |
四窗岩寻梦
|
|
| 作者: | ;华文出版社 编 | |
| 分册: | ||
| 出版信息: | 北京 华文出版社 1988 |
|
| 页数: | 170页 | |
| 开本: | 20cm | |
| 丛书名: | 台湾纵横 | |
| 单 册: | ||
| 中图分类: | K827=73 , I25 | |
| 科图分类: | ||
| 主题词: | 蒋介石--生平事迹 , 报告文学--中国 , 传记文学--中国 | |
| 电子资源: | ||
| ISBN: | 7-5075-0013-6 | |
| 000 | 00812oam2 2200277 450 | |
| 001 | 1548981059 | |
| 005 | 20150123133657.37 | |
| 010 | @a7-5075-0013-6@dCNY2.55 | |
| 100 | @a20021011d1988 em y0chiy0120 ea | |
| 101 | 0 | @achi |
| 102 | @aCN@b110000 | |
| 105 | @aa z 000yd | |
| 200 | 1 | @a四窗岩寻梦@9si chuang yan xun meng@e蒋介石第三次下野@f华文出版社 |
| 210 | @a北京@c华文出版社@d1988 | |
| 215 | @a170页@c照片@d20cm | |
| 225 | 2 | @a台湾纵横@9tai wan zong heng@v4 |
| 461 | 0 | @12001 @a台湾纵横 |
| 517 | 1 | @a蒋介石第三次下野@9jiang jie shi di san ci xia ye |
| 606 | @a蒋介石@j生平事迹 | |
| 606 | 0 | @a报告文学@x中国 |
| 606 | 0 | @a传记文学@x中国 |
| 690 | @aK827=73@v5 | |
| 690 | @aI25@v4 | |
| 711 | 02 | @a华文出版社@9hua wen chu ban she@4编 |
| 801 | 0 | @aCN@bTSSF@c20150123 |
| 905 | @aZUCC@dI25@eJY57:4 | |
| 四窗岩寻梦:蒋介石第三次下野/华文出版社.-北京:华文出版社,1988 |
| 170页:照片;20cm.-(台湾纵横;4) |
| ISBN 7-5075-0013-6:CNY2.55 |
| ● |
| 相关链接 |
|
|
|
|
正题名:四窗岩寻梦
索取号:I25/JY57:4
 
预约/预借
| 序号 | 登录号 | 条形码 | 馆藏地/架位号 | 状态 | 备注 |
| 1 | 7840159 | 278401597 | 学院路分馆/ [索取号:I25/JY57:4] | 在馆 | |
| 2 | 7840160 | 278401604 | 学院路分馆/ [索取号:I25/JY57:4] | 在馆 | |
| 3 | 7840161 | 278401613 | 学院路分馆/ [索取号:I25/JY57:4] | 在馆 | |
| 4 | 7840162 | 278401622 | 学院路分馆/ [索取号:I25/JY57:4] | 在馆 |